| 000 | 006260000a22002170004500 | ||
|---|---|---|---|
| 003 | LK-CoMWRAF | ||
| 005 | 20231113121018.0 | ||
| 008 | 230817t2002 ||||| |||| 00| 0 eng d | ||
| 020 | _a955926124X | ||
| 040 |
_aLK-CoMWRAF _dLK-CoMWRAF _eLK-CoMWRAF |
||
| 041 | _aeng | ||
| 082 |
_a305.42 _bGEN |
||
| 245 | _aGendered Subjects | ||
| 260 |
_aColombo: _bWomen's Education & Research Centre, _c2002 |
||
| 300 | _aiv, 152 p. ; 23 cm. | ||
| 650 | _aFEMINISM-South Asia -- Congresses | ||
| 650 | _aGender identity -- South Asia | ||
| 650 | _a Women's studies -- South Asia | ||
| 700 |
_a Thiruchandran, Selvy _eed. |
||
| 942 | _cBK | ||
| 999 |
_c431 _d431 |
||